Statistics for Netherlands Multiple Choice

Click here to take the quiz!

General Stats

  • This quiz has been taken 522 times
  • The average score is 9 of 15

Answer Stats

QuestionAnswer% Correct
What is the national colour of the Netherlands?Orange
81%
What is the capital of the Netherlands?Amsterdam
78%
What city is home to the largest port of Europe?Rotterdam
77%
Which of these cities was once known as New Amsterdam?New York City
76%
True of false: The Dutch are the tallest people of the world.True
70%
The Netherlands shares a Tripoint, where the border meets 2 other countries. Which?Belgium and Germany
62%
What is the approximate population of the Netherlands?17 million
58%
Which of these painters painted 'The Night Watch'?Rembrandt van Rijn
58%
Which of these companies is not Dutch?Umbro
55%
When was the Dutch Golden Age?17th century
45%
The Netherlands has never won the FIFA World Cup, how many times did they reach the final?3
43%
What is the approximate amount of owned bicycles in the Netherlands?23 million
42%
About what percentage of the Dutch people is irreligious?50%
42%
Which of these DJs was the number 1 DJ of 2018?Martin Garrix
35%
What is the official website for tourism?Holland.com
34%

Score Distribution

Percentile by Number Answered

Percent of People with Each Score

Your Score History

You have not taken this quiz